000 00427nam a22001337a 4500
999 _c8232
_d8233
008 190807b ||||| |||| 00| 0 eng d
082 _aBSC.ENV CAP NO.13
100 _aPowdyel, Asheek
245 _aDeclining citrus mandarin production in Dophuchen Gewog, Samtse ;
_ba case of the impact of climate change.
260 _aThimphu ;
_bRoyal Thimphu College,
_c2019.
300 _a23 p.
_c30 cm.
650 _aBSC. ENV
942 _2ddc